Espacios de exploración lúdica : para la re-humanización del espacio público de San Pedro de Montes de Oca desde una perspectiva de la niñez
Gorde:
| Egile nagusia: | |
|---|---|
| Beste egile batzuk: | |
| Formatua: | Liburua |
| Hizkuntza: | Spanish |
| Argitaratua: |
[San José, Costa Rica],
2018
|
| Gaiak: |
DISEÑO URBANO - SAN PEDRO (MONTES DE OCA, SAN JOSE, COSTA RICA)
> ESPACIOS PUBLICOS - SAN PEDRO (MONTES DE OCA, SAN JOSE, COSTA RICA) - DISEÑOS Y PLANOS
> ARQUITECTURA Y NIÑOS
> AREAS DE RECREACION - MONTES DE OCA (SAN JOSE, COSTA RICA) - DISEÑOS Y PLANOS
> Plaza Máximo Fernández (Costa Rica)
> Plaza Máximo Fernández (Costa Rica) - DISEÑOS Y PLANOS
> JUEGOS EDUCATIVOS
|
| Etiketak: |
Etiketa erantsi
Etiketarik gabe, Izan zaitez lehena erregistro honi etiketa jartzen!
|
MARC
| LEADER | 00000nam a22000007a 4500 | ||
|---|---|---|---|
| 003 | EA0233 | ||
| 005 | 20230303153924.0 | ||
| 008 | 181207b2018 c a|||| ||m| 00| ||spa d | ||
| 040 | |c cru CEDI | ||
| 100 | |9 15049 |a Blanco Víquez, Gloriana | ||
| 245 | |a Espacios de exploración lúdica : para la re-humanización del espacio público de San Pedro de Montes de Oca desde una perspectiva de la niñez | ||
| 260 | |a [San José, Costa Rica], |c 2018 | ||
| 300 | |a 284 páginas : ilustraciones (principalmente a color), mapas y planos a color. | ||
| 500 | |a Proyecto de Graduación (licenciatura en arquitectura)--Universidad de Costa Rica. Facultad de Ingeniería. Escuela de Arquitectura | ||
| 501 | |a Directora de Proyecto de Graduación: Dra. Arq. María De Los Ángeles Barahona Israel | ||
| 650 | |x DISEÑO URBANO - SAN PEDRO (MONTES DE OCA, SAN JOSE, COSTA RICA) |x ESPACIOS PUBLICOS - SAN PEDRO (MONTES DE OCA, SAN JOSE, COSTA RICA) - DISEÑOS Y PLANOS |x ARQUITECTURA Y NIÑOS |x AREAS DE RECREACION - MONTES DE OCA (SAN JOSE, COSTA RICA) - DISEÑOS Y PLANOS |x Plaza Máximo Fernández (Costa Rica) |x Plaza Máximo Fernández (Costa Rica) - DISEÑOS Y PLANOS |x JUEGOS EDUCATIVOS |9 15050 | ||
| 700 | |9 73 |a Barahona Israel, María de los Ángeles, 1952- |d Directora del TFG | ||
| 942 | |c CEDI |h EA-233 |6 EA_233 | ||
| 999 | |c 21383 |d 21383 | ||
